Score 0/26 Timer 06:00
3 Plays Today
% Correct
February
98.5%
September
98%
December
97.6%
Lust
89.4%
Taurus
89.3%
Virgo
87.9%
Envy
85.6%
Ontario
84%
Pisces
82%
Michael
78.3%
X-Ray
75%
Ultraviolet
73.9%
Jan
72.7%
% Correct
Alberta
69.8%
Gamma Ray
68.5%
Bobby
66.9%
Robert
66.7%
Yukon
63%
Cindy
62%
Kings
50.1%
Quito
46.6%
Zagreb
40.3%
Islamabad
33.1%
Wild
30.3%
Hurricanes
30%
Noah
29%
Remove Ads.
Support Sporcle.
Get the best of Sporcle when you Go Orange. This ad-free experience offers more features, more stats, and more fun while also helping to support Sporcle. Thank you for becoming a member.

You're not logged in!

Compare scores with friends on all Sporcle quizzes.
OR
Log In

Show Comments

Extras

Top Quizzes Today


Score Distribution

Your Account Isn't Verified!

In order to create a playlist on Sporcle, you need to verify the email address you used during registration. Go to your Sporcle Settings to finish the process.

Report this User

Report this user for behavior that violates our Community Guidelines.

Details: